Dead souls : the Reavey translation, backgrounds and sources, essays in criticism /

Bibliographic Details
Main Author: Gogolʹ, Nikolaĭ Vasilʹevich, 1809-1852
Other Authors: Gibian, George
Format: Book
Language:English
Published: New York : W.W. Norton, [1985]
Series:Norton critical edition.
Subjects:

MARC

Tag First Indicator Second Indicator Subfields
LEADER 00000pam a2200000 a 4500
001 in00000410064
005 20151012051900.0
008 840406s1985 nyu b 00010 eng
010 |a  84008027  
020 |a 0393952924 (pbk.) 
035 |a (OCoLC)10725927 
035 |9 ABT7985AM 
039 0 |a 2  |b 3  |c 3  |d 3  |e 3 
040 |a DLC  |c DLC  |d TXA  |d UtOrBLW 
041 1 |a eng  |h rus 
049 |a TXAM  |c [A09330378] 
050 0 0 |a PG3333  |b .M4 1985 
082 0 |a 891.73/3  |2 19 
100 1 |a Gogolʹ, Nikolaĭ Vasilʹevich,  |d 1809-1852. 
240 1 0 |a Mertvye dushi.  |l English 
245 1 0 |a Dead souls :  |b the Reavey translation, backgrounds and sources, essays in criticism /  |c Nikolai Gogol ; edited by George Gibian. 
264 1 |a New York :  |b W.W. Norton,  |c [1985] 
264 4 |c ©1985 
300 |a viii, 585 pages ;  |c 22 cm. 
336 |a text  |b txt  |2 rdacontent 
337 |a unmediated  |b n  |2 rdamedia 
338 |a volume  |b nc  |2 rdacarrier 
490 1 |a A Norton critical edition 
500 |a Translation of: Mertvye dushi. 
504 |a Bibliography: page 585. 
600 1 0 |a Gogolʹ, Nikolaĭ Vasilʹevich,  |d 1809-1852  |x Translations into English. 
600 1 0 |a Gogolʹ, Nikolaĭ Vasilʹevich,  |d 1809-1852.  |t Mertvye dushi. 
600 1 0 |a Gogolʹ, Nikolaĭ Vasilʹevich,  |d 1809-1852  |x Criticism and interpretation. 
700 1 |a Gibian, George. 
830 0 |a Norton critical edition. 
999 |a MARS 
999 f f |s 7748ce88-f016-30ba-8006-ef72695215e4  |i 51fba5ef-f68f-34b3-83e2-96e04a1a41b6  |t 0 
952 f f |p normal  |a Texas A&M University  |b College Station  |c Sterling C. Evans Library  |d Evans: Library Stacks  |t 0  |e PG3333 .M4 1985  |h Library of Congress classification  |i unmediated -- volume  |m A14809330378 
998 f f |a PG3333 .M4 1985  |t 0  |l Evans: Library Stacks